UBT Library

The new Keynesian economics : (Record no. 39762)

000 -LEADER
fixed length control field 00639cam a2200229 a 4500
001 - CONTROL NUMBER
control field 3419867
005 - DATE AND TIME OF LATEST TRANSACTION
control field 20180104083343.0
008 - FIXED-LENGTH DATA ELEMENTS--GENERAL INFORMATION
fixed length control field 900216s1986 enka b 001 0 eng c
010 ## - LIBRARY OF CONGRESS CONTROL NUMBER
LC control number 90119676
020 ## - INTERNATIONAL STANDARD BOOK NUMBER
International Standard Book Number 0710802390
020 ## - INTERNATIONAL STANDARD BOOK NUMBER
International Standard Book Number 0710802447 (pbk.)
040 ## - CATALOGING SOURCE
Original cataloging agency MH
Transcribing agency MH
Modifying agency DLC
041 ## - LANGUAGE CODE
Language code of text/sound track or separate title eng
080 ## - UNIVERSAL DECIMAL CLASSIFICATION NUMBER
Universal Decimal Classification number 33 JER
082 ## - DEWEY DECIMAL CLASSIFICATION NUMBER
Edition number 33 JEF
100 1# - Rafti
Rafti 59
101 ## - Shkurtesa
Shkurtesa ECO
245 14 - TITLE STATEMENT
Title The new Keynesian economics :
Statement of responsibility, etc Jeff Frank.
504 ## - BIBLIOGRAPHY, ETC. NOTE
Bibliography, etc Includes bibliographical references (p. 273-278) and index.
906 ## - LOCAL DATA ELEMENT F, LDF (RLIN)
a 7
b cbc
c orignew
d u
e ncip
f 19
g y-gencatlg
942 ## - ADDED ENTRY ELEMENTS (KOHA)
Source of classification or shelving scheme
Item type Books
Holdings
Withdrawn status Lost status Source of classification or shelving scheme Damaged status Not for loan Collection code Permanent location Current location Shelving location Date acquired Total Checkouts Full call number Barcode Date last seen Price effective from Koha item type
          Koleksioni i përgjithshem UBT - Lipjan UBT - Lipjan Koleksioni i përgjithshem 01/04/2018   33 JEF 002-2994759 01/04/2018 01/04/2018 Books
UBT Library © 2015-2024. All rights reserved University Education for Business and Technology